| 000 | 00738nam a22001937a 4500 | ||
|---|---|---|---|
| 003 | OSt | ||
| 005 | 20240830160028.0 | ||
| 008 | 240830b ||||| |||| 00| 0 eng d | ||
| 040 | _cAIMIT LIBRARY | ||
| 100 |
_aS Gayathri. _e2216064 _9178309 |
||
| 245 |
_aStudy on comparative analysis of financial statements of cooperative society : an analysis on camel model / _ban analysis on camel model / _cBy Gayathri S ; Guided by Rajani Suresh. |
||
| 260 |
_aParkala ; _c2024. |
||
| 650 |
_aLiterature review _9178310 |
||
| 650 |
_aResearch methodology _9178311 |
||
| 650 |
_aData analysis and interpretation _9178312 |
||
| 700 |
_aSuresh, Rajani. _eGuide _9178313 |
||
| 856 | _3Sri Durgaparameshwari credit co op society ltd | ||
| 942 |
_2ddc _cPRO |
||
| 999 |
_c231669 _d231669 |
||